00930ngm a2200241 a 450000500170000000800390001708200180005611000390007424500930011325000190020630000540022549000560027965000330033565000460036865000550041494200200046926400610048933600270055033700330057733800280061004000350063899900150067320220317001156.0160825s2002 ck g 000 0 spa04a637.356bH63q2 aHogares Juveniles Campesinos9254710aQuesosbcampesino, pasteurizado y molidocHogares Juveniles Campesinoshvideograbación a1a. edición  a1 Videocasete (25 minutos)bsonido, color c20 cm aVideoteca del campopgranja Integral autosuficiente142LEMBaQuesos vVideocasetes 142LEMBaIndustria de quesos vVideocasetes 142LEMBaPasteurización de la leche vVideocasetes  2ddccVIDEOCASET aBogotác2002bFundación Hogares Juveniles Campesinos atextobtxt2rdacontent asin mediaciónbn2rdamedia avolumenbnc2rdacarrier aCO-BoRNBPbspaerdacCO-BoRNBP c6149d6149